Pour un renouvellement théorique ancré dans la continuité (notice n° 1667479)

détails MARC
000 -LEADER
fixed length control field 01454cam a2200157 4500500
005 - DATE AND TIME OF LATEST TRANSACTION
control field 20260222003334.0
041 ## - LANGUAGE CODE
Language code of text/sound track or separate title fre
042 ## - AUTHENTICATION CODE
Authentication code dc
100 10 - MAIN ENTRY--PERSONAL NAME
Personal name Van Haecht, Anne
Relator term author
245 00 - TITLE STATEMENT
Title Pour un renouvellement théorique ancré dans la continuité
260 ## - PUBLICATION, DISTRIBUTION, ETC.
Date of publication, distribution, etc. 2005.<br/>
500 ## - GENERAL NOTE
General note 15
520 ## - SUMMARY, ETC.
Summary, etc. Un abord de l’éducation spécialisée peut resituer ses pratiques et ses logiques dans une perspective anthropologique, où la non-complétude des êtres humains permet d’envisager autrement les problématiques du mal et ses pratiques de traitement. L’arbitraire du langage articulé et la dérégulation de la sexualité humaine provoquent une certaine indétermination pour l’espèce humaine et chacun de ses membres. Lorsque le vivant achoppe dans le surgissement des maladies, les sociétés humaines s’interrogent sur le malheur de leur condition et sur les malfaisances et les malfaçons qui y œuvreraient : c’est à chaque sujet humain de prendre à sa charge ce mal-être. Accompagner les effets sociaux des maladies et des malfaçons, les interrogations existentielles du malheur et de la malfaisance, les épreuves subjectives du mal-être, voilà l’œuvre à laquelle l’éducation spécialisée a été assignée ...
786 0# - DATA SOURCE ENTRY
Note Éducation et Sociétés | 16 | 2 | 2005-12-01 | p. 23-28 | 1373-847X
856 41 - ELECTRONIC LOCATION AND ACCESS
Uniform Resource Identifier <a href="https://shs.cairn.info/revue-education-et-societes-2005-2-page-23?lang=fr&redirect-ssocas=7080">https://shs.cairn.info/revue-education-et-societes-2005-2-page-23?lang=fr&redirect-ssocas=7080</a>

Pas d'exemplaire disponible.

PLUDOC

PLUDOC est la plateforme unique et centralisée de gestion des bibliothèques physiques et numériques de Guinée administré par le CEDUST. Elle est la plus grande base de données de ressources documentaires pour les Étudiants, Enseignants chercheurs et Chercheurs de Guinée.

Adresse

627 919 101/664 919 101

25 boulevard du commerce
Kaloum, Conakry, Guinée

Réseaux sociaux

Powered by Netsen Group @ 2025